Normal view
MARC view
Entry Geographic Name
001 - CONTROL NUMBER
- control field: 15894
003 - CONTROL NUMBER IDENTIFIER
- control field: BD-RjUL
005 - DATE AND TIME OF LATEST TRANSACTION
- control field: 20250705145806.0
008 - FIXED-LENGTH DATA ELEMENTS
- fixed length control field: 250705|| aca||aabn | a|a d
040 ## - CATALOGING SOURCE
- Original cataloging agency: BD-RjUL
- Transcribing agency: BD-RjUL
151 ## - HEADING--GEOGRAPHIC NAME
- Geographic name: Great Britain
- General subdivision: Social life and customs
- Chronological subdivision: 19th century
670 ## - SOURCE DATA FOUND
- Source citation: Work cat.: (BD-RjUL)85122: Thackeray, William Makepeace, 1811-1863., The English humourists ; The four Georges /, 1949